National Assembly Library of Thailand

The organization of global negotiations : constructing the climate change regime (ระเบียนเลขที่ 63487)

รายละเอียดในรูปแบบ MARC
000 -LEADER
fixed length control field 00775nam a22002297a 4500
005 - DATE AND TIME OF LATEST TRANSACTION
control field 20210325205422.0
008 - FIXED-LENGTH DATA ELEMENTS--GENERAL INFORMATION
fixed length control field s2005 eng d
020 ## - INTERNATIONAL STANDARD BOOK NUMBER
International Standard Book Number 9781844070466
041 ## - LANGUAGE CODE
Language code of text/sound track or separate title eng
050 ## - LIBRARY OF CONGRESS CALL NUMBER
Classification number QC981.8.C5 D43O 2005
100 0# - MAIN ENTRY--PERSONAL NAME
Personal name Depledge, Joanna
245 10 - TITLE STATEMENT
Title The organization of global negotiations : constructing the climate change regime
260 3# - PUBLICATION, DISTRIBUTION, ETC.
Place of publication, distribution, etc. London :
Name of publisher, distributor, etc. Earthscan,
Date of publication, distribution, etc. 2005
300 ## - PHYSICAL DESCRIPTION
Extent 258 p. :
Other physical details tables ;
Dimensions 24 cm.
650 04 - SUBJECT ADDED ENTRY--TOPICAL TERM
Topical term or geographic name entry element Environmental policy -- International cooperation
650 04 - SUBJECT ADDED ENTRY--TOPICAL TERM
Topical term or geographic name entry element Climatic changes -- International cooperation
850 ## - HOLDING INSTITUTION
Holding institution NALT
942 ## - ADDED ENTRY ELEMENTS (KOHA)
Koha item type General Book
997 ## -
-- 9164
997 ## -
-- 000000000063487
998 ## - LOCAL CONTROL INFORMATION (RLIN)
-- นางสุกัญญา กัลยา

ไม่มีตัวเล่มให้บริการ

หอสมุดรัฐสภา
สำนักงานเลขาธิการสภาผู้แทนราษฎร เลขที่ 1111 ถนนสามเสน แขวงถนนนครไชยศรี เขตดุสิต กรุงเทพฯ 10300
The Secretariat of the House of Representatives 1111 Samsen Road, Thanon Nakhon Chai Si, Dusit, Bangkok 10300, THAILAND
โทรศัพท์: +66(0) 2242 5900 ต่อ 5714-5 โทรสาร: +66(0) 2242 5990 อีเมล: [email protected]